Statistics for Capital Cities of Africa (random)

Click here to take the quiz!

General Stats

  • This quiz has been taken 28 times
  • The average score is 6 of 7

Answer Stats

HintAnswer% Correct
Republic of CongoBrazzaville
91%
MoroccoRabat
91%
Democratic Republic of CongoKinshasa
87%
ZimbabweHarare
83%
South AfricaPretoria
83%
LesothoMaseru
65%
TanzaniaDodoma
61%

Score Distribution

Percentile by Number Answered

Percent of People with Each Score

Your Score History

You have not taken this quiz